Higher Education <an> International Journal of Higher Education and Educational Planning

Na minha lista:
Detalhes bibliográficos
Formato: Periódico
Idioma:inglês
Publicado em: Amsterdam Elsevier
Tags: Adicionar Tag
Sem tags, seja o primeiro a adicionar uma tag!

MARC

LEADER 00000nas1a2200000 4500
001 0013835
005 20250701092101.7
022 |a 0018-1560 
022 |a 1573-174X 
041 0 |a eng 
044 |a NL 
245 1 0 |a Higher Education  |b <an> International Journal of Higher Education and Educational Planning 
264 1 |a Amsterdam  |b Elsevier